| 000 | 00332nam a2200133Ia 4500 | ||
|---|---|---|---|
| 005 | 20260328104307.0 | ||
| 008 | 260328s9999||||xx |||||||||||||| ||und|| | ||
| 100 | _aPérez, Adolfo | ||
| 245 | 0 |
_aCiudades Patrimonio de la Humanidad / _cAdolfo Pérez |
|
| 260 | _bEdimat | ||
| 300 | _a168 p. | ||
| 650 | _aFOTOGRAFÍA | ||
| 942 | _cBK | ||
| 999 |
_c10817 _d10817 |
||